000 00805nmm a2200277 a 4500
001 ocm000604909
003 TR-IsHL
005 20201028130643.0
008 131010s2004 tu tur
007 cr cn
020 _a9789754112757
035 _a604909
_b(N$T)
050 0 4 _aRC86.9
_b.A25 2004
090 0 4 _aRC86.9
_b.A25 2004
245 1 0 _aAcil bakım
_h[electronic resource] /
_cçev. Deniz Şelimen
250 _a1. bs.
260 _aİstanbul :
_bYüce Yayınları,
_c2004
300 _a638 p.
650 4 _aTıp
650 4 _aMedicine
650 0 _aAcil tıp
650 0 _aEmergency medicine
650 7 _aMEDICAL / Emergency Medicine
_2bisacsh
700 1 _aŞelimen, Deniz
856 4 0 _uhttp://search.ebscohost.com/login.aspx?direct=true&scope=site&db=e011xww&AN=604909
999 _c4139
_d4139